000 00926nam a2200241Ia 4500
001 11044
003 GE_BSU
008 181216s||||||||xx |||||||||||||| ||und||
020 _a9785893533293
040 _cGE_BSU
080 _a159.92
100 _aСтолороу,Роберт, Брандшафт,Бернанд,Атвуд,Джордж.
245 _aКлинический психоанализ:Интерсубьективный подход=PSYCHOANALYTIC TREATMENT.
245 _cПер.с англ. М.Глущенкого и др. Ред.О.П.Шапошникова.
250 _a2-е изд,исправленное.
260 _aМосква
260 _bКогито-Центр.
260 _c2011.
300 _a256стр,22см.
541 _h36л.
653 _aКлинический психоанализ:Интерсубьективный подход=PSYCHOANALYTIC TREATMENT.
942 _cBK
999 _c44286
_d44286